[Event "Liga CS Jug 2017"]
[Site "Vlasotince"]
[Date "2017.10.12"]
[Round "6.5"]
[White "JOVANOVIC, Dragoslav"]
[Black "SAVIC, Ivan"]
[Result "0-1"]
[WhiteElo "1995"]
[BlackElo "1927"]
[PlyCount "23"]
[EventDate "2017.09.03"]

1. e4 e5 2. Nf3 Nf6 3. d4 Nxe4 4. Bd3 Nc6 5. Bxe4 d5 6. Nxe5 dxe4 7. Nxc6 bxc6
8. O-O Be7 9. Re1 f5 10. f3 O-O 11. Bf4 Bh4 12. Re3 {...29mov} 0-1

[Event "Liga CS Jug 2017"]
[Site "Vlasotince"]
[Date "2017.10.12"]
[Round "6.5"]
[White "VASIC, Zarko"]
[Black "SAVIC, Aleksandar S   *"]
[Result "1/2-1/2"]
[WhiteElo "2006"]
[BlackElo "1872"]
[PlyCount "45"]
[EventDate "2017.09.03"]

1. e4 e6 2. d4 b6 3. Nf3 Bb7 4. Bd3 Nf6 5. Qe2 d5 6. Bg5 dxe4 7. Bxe4 Bxe4 8.
Bxf6 Qd5 9. Be5 Bxf3 10. Qxf3 Qxf3 11. gxf3 Nc6 12. c3 Nxe5 13. dxe5 O-O-O 14.
Nd2 Bc5 15. Ne4 Rd5 16. f4 Rhd8 17. Ke2 g5 18. Rad1 gxf4 19. Rxd5 Rxd5 20. Kf3
Rxe5 21. Re1 f5 22. Nxc5 bxc5 23. Rxe5 {....44mov} 1/2-1/2

[Event "Liga CS Jug 2017"]
[Site "Vlasotince"]
[Date "2017.10.12"]
[Round "6.5"]
[White "VUCETIC, Mirko"]
[Black "MARJANOVIC, Zvezdan"]
[Result "1/2-1/2"]
[WhiteElo "2045"]
[BlackElo "1980"]
[PlyCount "67"]
[EventDate "2017.09.03"]

1. d4 Nf6 2. Nf3 d5 3. Bf4 e6 4. Nbd2 Bd6 5. Bg5 Be7 6. e3 O-O 7. Bd3 Nbd7 8.
c3 b6 9. a4 c5 10. O-O Bb7 11. Qe2 a5 12. Rfe1 Re8 13. Bb5 Rf8 14. h3 Qc7 15.
Rac1 h6 16. Bf4 Bd6 17. Bxd6 Qxd6 18. Red1 c4 19. b3 cxb3 20. Nxb3 Rfc8 21.
Nbd2 Rc7 22. c4 Rac8 23. Rb1 Bc6 24. Ra1 Bxb5 25. cxb5 Rc2 26. Ne1 R8c3 27. Nd3
g6 28. Rdc1 Kg7 29. Rxc2 Rxc2 30. Nb1 Rc4 31. Nb2 Rc2 32. Qd1 Rc3 33. Na3 Rc4
34. Nd3 1/2-1/2

[Event "Liga CS Jug 2017"]
[Site "Vlasotince"]
[Date "2017.10.12"]
[Round "6.6"]
[White "KRSTIC, Mihajlo   ***"]
[Black "ANDREJEVIC, Miodrag"]
[Result "1/2-1/2"]
[WhiteElo "1627"]
[BlackElo "1863"]
[PlyCount "35"]
[EventDate "2017.09.03"]

1. e4 c5 2. Nf3 e6 3. d4 cxd4 4. Nxd4 Nf6 5. Nd2 Qc7 6. Bd3 d5 7. exd5 Nxd5 8.
N2f3 Nf4 9. O-O Nxd3 10. cxd3 Nc6 11. Bg5 Bc5 12. Qe2 Be7 13. Rac1 O-O 14. Rfd1
Re8 15. b3 Nb4 16. Bxe7 Rxe7 17. Nh4 b6 18. Nb5 {....32mov} 1/2-1/2

[Event "Liga CS Jug 2017"]
[Site "Vlasotince"]
[Date "2017.10.12"]
[Round "6.6"]
[White "MANIC, Dragan"]
[Black "PUZIC, Slobodan"]
[Result "1-0"]
[WhiteElo "2066"]
[BlackElo "2050"]
[PlyCount "41"]
[EventDate "2017.09.03"]

1. e4 c5 2. Nf3 g6 3. d4 cxd4 4. Nxd4 Nc6 5. Nc3 Bg7 6. Bd3 Nf6 7. Be2 O-O 8.
h4 d5 9. Nxc6 bxc6 10. e5 Nd7 11. f4 e6 12. h5 c5 13. hxg6 hxg6 14. Nxd5 exd5
15. Qxd5 Qb6 16. b3 Rb8 17. Bc4 Nxe5 18. fxe5 Bf6 19. Qxc5 Bxe5 20. Qxf8+ Kxf8
21. Be6 {.....25 move} 1-0

[Event "Liga CS Jug 2017"]
[Site "Vlasotince"]
[Date "2017.10.12"]
[Round "6.6"]
[White "SINADINOVIC, Ilija   *"]
[Black "STAMENKOVIC, Misa   ***"]
[Result "1-0"]
[WhiteElo "1896"]
[BlackElo "1658"]
[PlyCount "64"]
[EventDate "2017.09.03"]

1. c4 e5 2. Nc3 Nf6 3. g3 Nc6 4. Bg2 Bc5 5. e3 d6 6. Nge2 Bf5 7. d4 Bb6 8. O-O
O-O 9. a3 a6 10. b4 Re8 11. Bb2 Qd7 12. c5 Ba7 13. Nd5 Nxd5 14. Bxd5 e4 15. f3
Re7 16. fxe4 Bxe4 17. Bxe4 Rxe4 18. Qb3 Rae8 19. Rf3 R4e7 20. Raf1 b5 21. Nf4
Rf8 22. Qd5 Qe8 23. Ng2 Nd8 24. Qb3 c6 25. d5 cxd5 26. Qxd5 Bb8 27. Qf5 Qd7 28.
Rd1 Re5 29. Qd3 Re4 30. Qd5 Qf5 31. Rd4 Qe6 32. Qxe6 Rxe6 {...39mov} 1-0

[Event "Liga CS Jug 2017"]
[Site "Vlasotince"]
[Date "2017.10.12"]
[Round "6.6"]
[White "STOJILJKOVIC, Zivojin"]
[Black "KALAJDZIC, Zoran"]
[Result "1-0"]
[WhiteElo "1948"]
[BlackElo "1778"]
[PlyCount "48"]
[EventDate "2017.09.03"]

1. e4 c6 2. d4 d5 3. exd5 cxd5 4. Nf3 Bf5 5. Bd3 Bxd3 6. Qxd3 Nf6 7. Nc3 e6 8.
a3 a6 9. O-O Be7 10. Bf4 O-O 11. Ne2 Nc6 12. Ng3 Rc8 13. h3 Bd6 14. Bxd6 Re8
15. Rfe1 h6 16. Re2 Re7 17. Rd1 Rec7 18. c3 Nd7 19. Nf1 Ne7 20. N1h2 Nf6 21. g3
Qd7 22. Ng4 Qc6 23. h4 h5 24. Nge5 Nf5 {....38mov} 1-0

[Event "Liga CS Jug 2017"]
[Site "Vlasotince"]
[Date "2017.10.12"]
[Round "6.6"]
[White "SUSULIC, Zivan"]
[Black "JOVANOVIC, Dragan N"]
[Result "1-0"]
[WhiteElo "2088"]
[BlackElo "1898"]
[PlyCount "47"]
[EventDate "2017.09.03"]

1. e4 e5 2. d3 d5 3. Nd2 dxe4 4. dxe4 Nf6 5. c3 Be7 6. Ngf3 Nc6 7. Be2 O-O 8.
O-O Qd6 9. Qc2 b6 10. Re1 Bb7 11. Bf1 Rfe8 12. g3 Bf8 13. h3 g6 14. b4 Bg7 15.
Nb3 Qe7 16. a4 a5 17. b5 Na7 18. Ba3 Qd8 19. Red1 Qb8 20. Nbd2 c5 21. bxc6 Bxc6
22. Bb4 b5 23. Bxa5 b4 24. Bxb4 {.....32move} 1-0

[Event "Liga CS Jug 2017"]
[Site "Vlasotince"]
[Date "2017.10.12"]
[Round "6.6"]
[White "VESELINOVIC, Branislav"]
[Black "NIKOLIC, Vladimir I   ***"]
[Result "0-1"]
[WhiteElo "1886"]
[BlackElo "2075"]
[PlyCount "33"]
[EventDate "2017.09.03"]

1. d4 Nf6 2. Bg5 Ne4 3. Bh4 g5 4. Nf3 gxh4 5. Nxh4 e5 6. Nf3 Bg7 7. c3 Qe7 8.
Nbd2 d5 9. dxe5 d4 10. Qa4+ Nc6 11. Qxd4 Nxe5 12. Nh4 O-O 13. Nf5 Bxf5 14. Qxe5
Rad8 15. Nxe4 Rfe8 16. h4 Bxe4 17. Qg5 {....40mov} 0-1

[Event "Liga CS Jug 2017"]
[Site "Vlasotince"]
[Date "2017.10.13"]
[Round "7.1"]
[White "BATANJAC, Aleksandar"]
[Black "CIHACEV, Bojan"]
[Result "1-0"]
[WhiteElo "2072"]
[BlackElo "2157"]
[PlyCount "74"]
[EventDate "2017.09.03"]

1. e4 c5 2. c3 Nc6 3. d4 cxd4 4. cxd4 d5 5. Bb5 e6 6. Qa4 Bd7 7. exd5 exd5 8.
Nf3 a6 9. Bxc6 Bxc6 10. Qb3 Nf6 11. O-O Be7 12. Ne5 O-O 13. Nc3 Ne4 14. Re1
Nxc3 15. bxc3 Bd6 16. Ba3 Bxa3 17. Nxc6 bxc6 18. Qxa3 Re8 19. Qc5 Qc7 20. g3 h5
21. h4 Qd7 22. Kg2 Rab8 23. Qa3 Re6 24. Re5 Rxe5 25. dxe5 d4 26. c4 Qf5 27. Re1
Rb1 28. Rxb1 Qxb1 29. Qxa6 Qe4+ 30. Kh2 d3 31. Qc8+ Kh7 32. Qd7 Qxc4 33. Kg1 g6
34. a4 Kg8 35. Qd8+ Kg7 36. Qd7 Kh6 37. Qd8 c5 1-0

[Event "Liga CS Jug 2017"]
[Site "Vlasotince"]
[Date "2017.10.13"]
[Round "7.1"]
[White "MINIC, Ivan"]
[Black "NISIC, Miroslav"]
[Result "1/2-1/2"]
[WhiteElo "2112"]
[BlackElo "2024"]
[PlyCount "43"]
[EventDate "2017.09.03"]

1. d4 Nf6 2. Nf3 d5 3. g3 e6 4. Bg2 c5 5. O-O Nc6 6. a3 h6 7. e3 Be7 8. Nbd2
O-O 9. dxc5 Bxc5 10. b4 Be7 11. c4 dxc4 12. Nxc4 Nd5 13. Bb2 Bf6 14. Qb3 b5 15.
Nce5 Nxe5 16. Nxe5 Bb7 17. Rfd1 Qe7 18. Bd4 Bxe5 19. Bxe5 Rfc8 20. Qb2 f6 21.
Bd4 Nb6 22. Bxb6 1/2-1/2

[Event "Liga CS Jug 2017"]
[Site "Vlasotince"]
[Date "2017.10.13"]
[Round "7.1"]
[White "NIKOLIC, Zoran S"]
[Black "RISTIC, Milan"]
[Result "0-1"]
[WhiteElo "2151"]
[BlackElo "2221"]
[PlyCount "76"]
[EventDate "2017.09.03"]

1. e4 c6 2. d4 d5 3. Nc3 dxe4 4. Nxe4 Nf6 5. Nxf6+ exf6 6. Nf3 Bd6 7. Be2 O-O
8. O-O Bf5 9. c4 Re8 10. Be3 Nd7 11. a3 Nf8 12. Re1 Qc7 13. h3 Rad8 14. Bd3
Bxd3 15. Qxd3 Bf4 16. Qf5 Bxe3 17. fxe3 Qe7 18. Rad1 g6 19. Qc2 f5 20. Rd3 Nd7
21. b4 Nf6 22. Rb3 Ne4 23. b5 c5 24. Rd3 Qc7 25. Rf1 Qg3 26. dxc5 Nxc5 27. Rxd8
Rxd8 28. Rd1 Re8 29. Qb2 Qc7 30. Rd5 b6 31. Qd4 Qe7 32. Ne5 Ne4 33. Qd3 Qh4 34.
Nc6 Qe1+ 35. Kh2 Qg3+ 36. Kg1 Nf2 37. Qd2 Nxh3+ 38. Kh1 Rxe3 0-1

[Event "Liga CS Jug 2017"]
[Site "Vlasotince"]
[Date "2017.10.13"]
[Round "7.1"]
[White "STEFANOVIC, Dejan"]
[Black "MARINKOVIC, Vojkan"]
[Result "1/2-1/2"]
[WhiteElo "2018"]
[BlackElo "2031"]
[PlyCount "34"]
[EventDate "2017.09.03"]

1. e4 e6 2. d4 d5 3. exd5 exd5 4. Bd3 Nf6 5. Nf3 Bg4 6. O-O Be7 7. Bg5 O-O 8.
Nbd2 Ne4 9. Bxe7 Qxe7 10. Qc1 Nxd2 11. Nxd2 Nc6 12. c3 Rfe8 13. Re1 Qg5 14. Qc2
h5 15. Nf1 h4 16. Qd2 Qf6 17. h3 Bf5 1/2-1/2

[Event "Liga CS Jug 2017"]
[Site "Vlasotince"]
[Date "2017.10.13"]
[Round "7.1"]
[White "STOJANOVIC, Filip   ***"]
[Black "MILUTINOVIC, Lazar   ***"]
[Result "0-1"]
[WhiteElo "1468"]
[BlackElo "1782"]
[PlyCount "100"]
[EventDate "2017.09.03"]

1. e4 c5 2. Nf3 d6 3. Bc4 e6 4. Nc3 a6 5. a3 Nc6 6. d3 Nf6 7. Be3 Be7 8. Bg5 b5
9. Bb3 Bb7 10. O-O O-O 11. h3 Nd7 12. Bf4 Rc8 13. Qd2 Nde5 14. Bxe5 dxe5 15.
Ne2 Nd4 16. Nexd4 exd4 17. c3 dxc3 18. bxc3 Bf6 19. Rac1 Qa5 20. Qb2 b4 21.
axb4 cxb4 22. Qa2 Qxa2 23. Bxa2 Bxc3 24. Rb1 Bc6 25. Bc4 a5 26. Rfc1 Bxe4 27.
Ba6 Ra8 28. dxe4 Rxa6 29. Rc2 h6 30. Ra2 a4 31. Ne1 b3 32. Ra3 Rc8 33. Nd3 Bd4
34. Kh2 Ra7 35. f3 Rc2 36. Nb4 Be5+ 37. Kg1 Rac7 38. Nd3 Bd4+ 39. Kh2 Ra2 40.
Rxa4 Rxa4 41. Rxb3 Rc3 42. Rb8+ Kh7 43. Nb2 Be5+ 44. Kg1 Bg3 45. Rd8 Ra1+ 46.
Rd1 Rcc1 47. Kf1 Rxd1+ 48. Nxd1 Rxd1+ 49. Ke2 Re1+ 50. Kd2 Rg1 0-1

[Event "Liga CS Jug 2017"]
[Site "Vlasotince"]
[Date "2017.10.13"]
[Round "7.1"]
[White "STOJANOVIC, Zoran H"]
[Black "MILOVANOVIC, Srboljub"]
[Result "0-1"]
[WhiteElo "2150"]
[BlackElo "2044"]
[PlyCount "114"]
[EventDate "2017.09.03"]

1. e4 c5 2. Ne2 Nc6 3. d4 cxd4 4. Nxd4 Nf6 5. Nc3 d6 6. Be2 e5 7. Nb3 Be7 8.
O-O O-O 9. Bg5 Nxe4 10. Bxe7 Nxc3 11. Bxd8 Nxd1 12. Bc7 Nxb2 13. Bxd6 Re8 14.
a4 Be6 15. Nc5 Nd4 16. Bb5 Nxb5 17. axb5 b6 18. Nxe6 Rxe6 19. Bb4 f6 20. Ra6 e4
21. Rfa1 Rd8 22. Rxa7 Re5 23. Ra8 Rxa8 24. Rxa8+ Kf7 25. Ra7+ Kg8 26. Ra8+ Kf7
27. Ra7+ Kg8 28. Re7 Rxe7 29. Bxe7 Kf7 30. Bd8 Nc4 31. h4 Ke6 32. Bc7 Kd5 33.
h5 Kc5 34. Bd8 f5 35. Kf1 Kxb5 36. Ke2 Kc5 37. Be7+ Kd5 38. Bf8 g6 39. hxg6
hxg6 40. g3 Ke6 41. f3 Kd5 42. Be7 Ne5 43. f4 Nc6 44. Bf6 Nd4+ 45. Kd2 Kc4 46.
Bg7 b5 47. c3 Ne6 48. Bf6 Nc7 49. Bd8 Nd5 50. Ba5 e3+ 51. Ke2 Nxc3+ 52. Kxe3
Nd5+ 53. Kd2 Kd4 54. Bd8 Ke4 55. Kc2 Kf3 56. Bh4 Kg4 57. Kd3 Nxf4+ 0-1

[Event "Liga CS Jug 2017"]
[Site "Vlasotince"]
[Date "2017.10.13"]
[Round "7.2"]
[White "DJORIC, Hadzi Goran"]
[Black "LUKIC, Igor M"]
[Result "1-0"]
[WhiteElo "2080"]
[BlackElo "2056"]
[PlyCount "107"]
[EventDate "2017.09.03"]

1. d4 Nf6 2. Nf3 e6 3. Bf4 b6 4. e3 Bb7 5. Bd3 c5 6. Nbd2 cxd4 7. exd4 Nc6 8.
c3 Be7 9. O-O O-O 10. Re1 d6 11. Ne4 Nxe4 12. Bxe4 Qd7 13. Qe2 Rfe8 14. Rad1
Bf6 15. Bc2 Ne7 16. Ng5 Ng6 17. Bc1 Nf8 18. Ne4 Bxe4 19. Qxe4 d5 20. Qf3 Qc6
21. g4 e5 22. dxe5 Bxe5 23. h3 Ng6 24. Bxg6 hxg6 25. Qxd5 Qxd5 26. Rxd5 Bh2+
27. Kf1 Rxe1+ 28. Kxe1 Re8+ 29. Kf1 Bb8 30. Rd7 Rc8 31. Rb7 Rd8 32. Ke2 Re8+
33. Be3 f5 34. Kd3 f4 35. Bd4 Be5 36. Rxa7 Bxd4 37. cxd4 f3 38. Rc7 Re1 39. Rc3
Re2 40. Rc2 Re1 41. a4 Kf7 42. Rc6 Re2 43. Rxb6 Rxf2 44. Ke3 Rh2 45. Kxf3 Rxh3+
46. Kf4 Rd3 47. Rb4 Kf6 48. g5+ Ke6 49. Ke4 Rg3 50. Rb5 Rg4+ 51. Kd3 Kd6 52.
Kc4 Kc6 53. Rc5+ Kb6 54. b4 1-0

[Event "Liga CS Jug 2017"]
[Site "Vlasotince"]
[Date "2017.10.13"]
[Round "7.2"]
[White "MITROVIC, Marjan"]
[Black "MITROVIC, Darko R"]
[Result "1/2-1/2"]
[WhiteElo "2114"]
[BlackElo "2189"]
[PlyCount "91"]
[EventDate "2017.09.03"]

1. c4 Nf6 2. Nf3 e6 3. g3 b6 4. Bg2 Bb7 5. O-O c5 6. Nc3 Be7 7. d4 cxd4 8. Nxd4
Bxg2 9. Kxg2 O-O 10. e4 Nc6 11. Be3 Rc8 12. Nxc6 Rxc6 13. e5 Ne8 14. Qd3 d6 15.
Rfd1 Qa8 16. exd6 Nxd6 17. c5 bxc5 18. Kg1 Nf5 19. Rac1 c4 20. Qe4 Nxe3 21.
fxe3 Rfc8 22. Rd7 Bf6 23. Rf1 Bxc3 24. Rfxf7 Rd6 25. Qxa8 Rxa8 26. bxc3 Rxd7
27. Rxd7 a5 28. Rc7 Rb8 29. a4 Rb2 30. Rxc4 Ra2 31. h3 Kf7 32. Rf4+ Ke7 33. h4
h6 34. h5 Re2 35. e4 Re3 36. Rg4 Kf6 37. c4 e5 38. Kf2 Ra3 39. Rg6+ Kf7 40. Rc6
Rxa4 41. Kf3 Ra3+ 42. Kg4 Re3 43. Rc7+ Kf6 44. Rc6+ Kf7 45. Rc7+ Kf6 46. Rc6+
1/2-1/2

[Event "Liga CS Jug 2017"]
[Site "Vlasotince"]
[Date "2017.10.13"]
[Round "7.2"]
[White "MITROVIC, Mikica"]
[Black "RANCIC, Djordje"]
[Result "1-0"]
[WhiteElo "1963"]
[BlackElo "1886"]
[PlyCount "95"]
[EventDate "2017.09.03"]

1. g3 c5 2. Nf3 g6 3. Bg2 Bg7 4. O-O Nc6 5. c4 Nf6 6. Nc3 O-O 7. e4 d6 8. d3 e5
9. Ne2 Ne8 10. Be3 Nd4 11. Nfxd4 cxd4 12. Bd2 Bg4 13. h3 Be6 14. f4 f5 15. Kh2
Qd7 16. Ng1 fxe4 17. Bxe4 Nf6 18. Bg2 Rae8 19. Rc1 b6 20. fxe5 dxe5 21. Bb4 Rf7
22. Nf3 Nh5 23. Ng5 Rxf1 24. Qxf1 Nf6 25. Rc2 h6 26. Nxe6 Rxe6 27. Re2 Kh7 28.
Rf2 a5 29. Bd2 Qd6 30. Qe2 Re7 31. a3 a4 32. Bb4 Qd7 33. Bxe7 Qxe7 34. Qf3 Qc5
35. Qc6 Qxc6 36. Bxc6 h5 37. Re2 Kh6 38. Kg2 Nh7 39. Bxa4 Ng5 40. Bd7 h4 41.
gxh4 Nf7 42. b4 Bf6 43. a4 Kg7 44. a5 bxa5 45. bxa5 Bd8 46. a6 Bb6 47. Rb2 Bc5
48. Rb5 1-0

[Event "Liga CS Jug 2017"]
[Site "Vlasotince"]
[Date "2017.10.13"]
[Round "7.2"]
[White "STEVANOVIC, Jovan   ***"]
[Black "KOSTIC, Milos   *"]
[Result "1-0"]
[WhiteElo "1658"]
[BlackElo "1657"]
[PlyCount "135"]
[EventDate "2017.09.03"]

1. c4 e5 2. Nc3 Nc6 3. Nf3 Nf6 4. g3 Be7 5. Bg2 O-O 6. O-O d6 7. d3 h6 8. Rb1
a5 9. a3 Be6 10. b4 axb4 11. axb4 d5 12. b5 Na5 13. cxd5 Nxd5 14. Nxd5 Bxd5 15.
Nxe5 Bf6 16. Bxd5 Qxd5 17. Nf3 Qa2 18. Be3 Rfd8 19. Qd2 Qe6 20. Qc2 Rd7 21.
Rfc1 b6 22. Kg2 Nb7 23. Qc6 Rb8 24. Qxe6 fxe6 25. Rc6 Nd8 26. Rc4 Nf7 27. Rbc1
Rb7 28. Ra4 Rd5 29. Rac4 Rxb5 30. Rxc7 Rxc7 31. Rxc7 Rb2 32. Rb7 Rxe2 33. Rxb6
e5 34. Rb4 Ra2 35. Nd2 Ra3 36. Rb3 Ra8 37. Ne4 Rd8 38. Bc5 Rd7 39. Kf3 Ng5+ 40.
Nxg5 Bxg5 41. Ke4 Bf6 42. Rb8+ Kh7 43. Ra8 Kg6 44. Ra4 Kh7 45. Ba3 Rc7 46. Rc4
Ra7 47. Bd6 Ra2 48. Ke3 Kg6 49. Rc5 Ra1 50. Bxe5 Re1+ 51. Kf4 Re2 52. f3 Bxe5+
53. Rxe5 Rxh2 54. d4 Rd2 55. Ke3 Rd1 56. g4 Kf6 57. Ke4 Rd2 58. Kd5 Rd3 59. f4
Rg3 60. g5+ hxg5 61. fxg5+ Kf7 62. Kd6 Rd3 63. d5 Ra3 64. Re7+ Kf8 65. Rc7 Ra6+
66. Rc6 Ra8 67. Kd7 Re8 68. Rc8 1-0

[Event "Liga CS Jug 2017"]
[Site "Vlasotince"]
[Date "2017.10.13"]
[Round "7.3"]
[White "CVETKOVIC, Darko   *"]
[Black "TRICKOVIC, Vladimir"]
[Result "0-1"]
[WhiteElo "1676"]
[BlackElo "2057"]
[PlyCount "78"]
[EventDate "2017.09.03"]

1. e4 c5 2. Nc3 d6 3. Nf3 Nf6 4. Bc4 Nc6 5. h3 g6 6. d3 Bg7 7. O-O O-O 8. a3 a6
9. Bg5 b5 10. Bb3 Bb7 11. Nd5 Nxd5 12. exd5 Na7 13. Rb1 h6 14. Be3 Nc8 15. c4
Nb6 16. Qd2 Kh7 17. Ba2 a5 18. b3 b4 19. a4 e5 20. dxe6 fxe6 21. Nh2 Qh4 22.
Rbd1 Bd4 23. Bb1 e5 24. Qe2 h5 25. Rfe1 Rf5 26. Bxd4 cxd4 27. f3 Raf8 28. Qf2
Qg5 29. Kh1 Rf4 30. Rc1 Nd7 31. Bc2 Qh6 32. Rf1 Nc5 33. Qe2 Qg5 34. Qf2 Ne6 35.
Bd1 R4f7 36. Bc2 Ng7 37. Bb1 Nf5 38. Kg1 Ne3 39. Rfe1 Bxf3 0-1

[Event "Liga CS Jug 2017"]
[Site "Vlasotince"]
[Date "2017.10.13"]
[Round "7.3"]
[White "JOVANOVIC, Dragan"]
[Black "ARITONOVIC, Nenad"]
[Result "1-0"]
[WhiteElo "2071"]
[BlackElo "1651"]
[PlyCount "129"]
[EventDate "2017.09.03"]

1. d4 Nf6 2. c4 g6 3. Nc3 d6 4. Nf3 Bg4 5. e3 c6 6. Be2 Bg7 7. O-O O-O 8. h3
Bxf3 9. Bxf3 Nbd7 10. d5 c5 11. e4 Ne5 12. Be2 Qc8 13. Bg5 h6 14. Bh4 g5 15.
Bg3 Ng6 16. Qd2 Nd7 17. Bg4 Qd8 18. Rac1 Nde5 19. Be2 f6 20. b3 f5 21. f4 gxf4
22. Bxf4 Nxf4 23. Rxf4 fxe4 24. Nxe4 Rxf4 25. Qxf4 Qf8 26. Qh4 Bf6 27. Qh5 Qg7
28. Rf1 Kh7 29. Nxf6+ exf6 30. Qf5+ Qg6 31. Qxf6 Qxf6 32. Rxf6 Rd8 33. Re6 Rd7
34. Bd1 Kg7 35. Bc2 a6 36. Bf5 Rf7 37. Be4 Rd7 38. Kf2 b5 39. cxb5 axb5 40. Ke3
Nf7 41. Rg6+ Kf8 42. Bf5 Ra7 43. Be6 Rxa2 44. Rf6 Ra7 45. Bxf7 Rxf7 46. Rxh6
Ke7 47. g4 Rf1 48. h4 Rb1 49. g5 Rxb3+ 50. Ke4 c4 51. h5 Rg3 52. Rh7+ Kf8 53.
Kf4 Rg2 54. Rb7 c3 55. Rxb5 c2 56. Rb8+ Kf7 57. Rb7+ Kf8 58. Rc7 Rf2+ 59. Kg4
Rd2 60. h6 Rd4+ 61. Kh5 Rd2 62. Kg6 Rh2 63. h7 Ke8 64. Kg7 Kd8 65. Rc6 1-0

[Event "Liga CS Jug 2017"]
[Site "Vlasotince"]
[Date "2017.10.13"]
[Round "7.3"]
[White "KOSTIC, Nenad"]
[Black "ZIVKOVIC, Rajko"]
[Result "1-0"]
[WhiteElo "2133"]
[BlackElo "2130"]
[PlyCount "59"]
[EventDate "2017.09.03"]

1. e4 c5 2. Nf3 Nc6 3. d4 cxd4 4. Nxd4 g6 5. Nc3 Bg7 6. Be3 d6 7. f3 Nf6 8. g4
Bd7 9. h4 h5 10. g5 Nh7 11. Qd2 Qa5 12. O-O-O O-O 13. Be2 Rfc8 14. Kb1 Be6 15.
f4 Nxd4 16. Bxd4 b5 17. Bxg7 Kxg7 18. Qd4+ Kg8 19. Nd5 Bxd5 20. exd5 b4 21. f5
Nf8 22. Qe4 Rc7 23. Rd4 Rac8 24. Bd3 e5 25. fxe6 fxe6 26. dxe6 Re7 27. Rxd6 Qc5
28. Ra6 Rce8 29. Rf1 Kg7 30. Rc6 1-0

[Event "Liga CS Jug 2017"]
[Site "Vlasotince"]
[Date "2017.10.13"]
[Round "7.4"]
[White "ANDJELKOVIC, Danijela   *"]
[Black "DJORDJEVIC, Miroslav"]
[Result "1/2-1/2"]
[WhiteElo "1581"]
[BlackElo "1976"]
[PlyCount "59"]
[EventDate "2017.09.03"]

1. Nf3 d5 2. g3 Nf6 3. Bg2 c6 4. O-O g6 5. d3 Bg7 6. Nbd2 O-O 7. e4 dxe4 8.
Nxe4 Nbd7 9. Qe2 Nxe4 10. Qxe4 Nf6 11. Qe2 Bg4 12. h3 Be6 13. Ng5 Bd5 14. Ne4
Nxe4 15. Bxe4 e6 16. c3 Qa5 17. d4 Rfd8 18. h4 Bxe4 19. Qxe4 Qd5 20. Re1 Rd7
21. Bf4 Qxe4 22. Rxe4 Rd5 23. Rae1 Rad8 24. Be5 Bxe5 25. Rxe5 Rxe5 26. Rxe5 Kf8
27. f4 Ke7 28. Re3 Kf6 29. Kf2 Rd5 30. Re5 1/2-1/2

[Event "Liga CS Jug 2017"]
[Site "Vlasotince"]
[Date "2017.10.13"]
[Round "7.4"]
[White "BANJOVIC, Sasa"]
[Black "SAVIC, Ivan"]
[Result "1/2-1/2"]
[WhiteElo "2170"]
[BlackElo "1927"]
[PlyCount "25"]
[EventDate "2017.09.03"]

1. b3 Nf6 2. Bb2 d5 3. e3 Bf5 4. Be2 e6 5. g4 Bg6 6. d3 h6 7. h4 Bd6 8. h5 Bh7
9. Nh3 Qe7 10. Nc3 c6 11. Qd2 e5 12. O-O-O Nbd7 13. f4 1/2-1/2

[Event "Liga CS Jug 2017"]
[Site "Vlasotince"]
[Date "2017.10.13"]
[Round "7.4"]
[White "BULATOVIC, Nikola   *"]
[Black "DIMITRIJEVIC, Andjela   ***"]
[Result "1-0"]
[WhiteElo "2061"]
[BlackElo "1544"]
[PlyCount "75"]
[EventDate "2017.09.03"]

1. e4 d6 2. d4 Nf6 3. Nc3 c6 4. h3 Nbd7 5. Nf3 e5 6. Be2 Be7 7. Be3 a6 8. a4 a5
9. Qd2 Qc7 10. Rd1 O-O 11. O-O Re8 12. Bc4 h6 13. Ne1 Nb6 14. Bb3 Bf8 15. f3
Be6 16. Bxe6 fxe6 17. b3 exd4 18. Bxd4 d5 19. Qf2 Nbd7 20. exd5 exd5 21. Ne2 c5
22. Bb2 d4 23. c4 Bd6 24. Nd3 Nh5 25. g4 Nhf6 26. Bc1 Qb6 27. h4 Kh7 28. Nef4
Kg8 29. g5 hxg5 30. hxg5 Nh7 31. g6 Nhf6 32. Qc2 Ne5 33. Nd5 Qd8 34. f4 Nxd3
35. Rxd3 Nxd5 36. cxd5 Qh4 37. Qg2 Re7 38. Rh3 1-0

[Event "Liga CS Jug 2017"]
[Site "Vlasotince"]
[Date "2017.10.13"]
[Round "7.4"]
[White "RISTIC, Nebojsa B"]
[Black "SAVIC, Miodrag"]
[Result "1-0"]
[WhiteElo "2308"]
[BlackElo "2194"]
[PlyCount "65"]
[EventDate "2017.09.03"]

1. d4 d5 2. c4 e6 3. Nc3 Be7 4. Nf3 Nf6 5. Bg5 O-O 6. e3 h6 7. Bh4 b6 8. Qc2
Bb7 9. Bxf6 Bxf6 10. cxd5 exd5 11. O-O-O Nd7 12. h4 c5 13. g4 cxd4 14. exd4 g6
15. g5 hxg5 16. hxg5 Bxg5+ 17. Kb1 Re8 18. Bd3 Nf8 19. Rdg1 Bf6 20. Qd2 Bg7 21.
Ne5 Re6 22. f4 f5 23. Qh2 Qf6 24. Rg5 Rae8 25. Rhg1 R8e7 26. a3 Rxe5 27. fxe5
Qe6 28. Ne2 Qd7 29. Nf4 Qa4 30. Nxg6 Nxg6 31. Rxg6 Qxd4 32. Bxf5 Kf8 33. Rxg7
1-0

[Event "Liga CS Jug 2017"]
[Site "Vlasotince"]
[Date "2017.10.13"]
[Round "7.4"]
[White "STANKOV, Dejan"]
[Black "SPASIC, Petar   ***"]
[Result "0-1"]
[WhiteElo "1820"]
[BlackElo "1964"]
[PlyCount "58"]
[EventDate "2017.09.03"]

1. d4 Nf6 2. c4 e6 3. Nf3 d5 4. e3 c5 5. cxd5 exd5 6. h3 Nc6 7. dxc5 Bxc5 8.
Be2 O-O 9. O-O Bf5 10. a3 Qe7 11. b4 Bb6 12. Bb2 Rfd8 13. Nd4 Bg6 14. Bb5 Ne5
15. Nd2 Rac8 16. Rc1 Nd3 17. Bxd3 Bxd3 18. Re1 Rxc1 19. Qxc1 Bg6 20. N2f3 Ne4
21. Qa1 Nd6 22. Rc1 Nc4 23. Qa2 Be4 24. Qb3 Rd6 25. Ne2 Bxf3 26. gxf3 Rg6+ 27.
Ng3 Rxg3+ 28. fxg3 Bxe3+ 29. Kf1 Nd2+ 0-1

[Event "Liga CS Jug 2017"]
[Site "Vlasotince"]
[Date "2017.10.13"]
[Round "7.5"]
[White "MANIC, Dragan"]
[Black "JOVANOVIC, Boban"]
[Result "1-0"]
[WhiteElo "2066"]
[BlackElo "2145"]
[PlyCount "55"]
[EventDate "2017.09.03"]

1. e4 c6 2. d4 d5 3. Nc3 g6 4. Nf3 Bg7 5. Bf4 dxe4 6. Nxe4 Qa5+ 7. Bd2 Qd5 8.
Nc3 Qd8 9. Be3 Nf6 10. Qd2 O-O 11. h4 h5 12. Bc4 Ng4 13. O-O-O b5 14. Bd3 a5
15. Rhe1 Nxe3 16. Qxe3 e6 17. Ne5 Bxe5 18. dxe5 Qe7 19. Qh6 Nd7 20. f4 Re8 21.
Ne4 Qf8 22. Qg5 Qe7 23. Nf6+ Nxf6 24. exf6 Qf8 25. Bxg6 fxg6 26. Qxg6+ Kh8 27.
Qxh5+ Kg8 28. Re3 1-0

[Event "Liga CS Jug 2017"]
[Site "Vlasotince"]
[Date "2017.10.13"]
[Round "7.5"]
[White "VESELINOVIC, Branislav"]
[Black "SAVIC, Aleksandar S   *"]
[Result "1/2-1/2"]
[WhiteElo "1886"]
[BlackElo "1872"]
[PlyCount "24"]
[EventDate "2017.09.03"]

1. d4 e6 2. f4 b6 3. Nf3 Bb7 4. e3 Nf6 5. Bd3 Nc6 6. O-O Nb4 7. a3 Nxd3 8. cxd3
d5 9. e4 Bc5 10. b4 Be7 11. Bb2 Rc8 12. Nbd2 dxe4 {....86mov} 1/2-1/2

[Event "Liga CS Jug 2017"]
[Site "Vlasotince"]
[Date "2017.10.13"]
[Round "7.6"]
[White "OBRENOVIC, Mihailo"]
[Black "PUZIC, Slobodan"]
[Result "0-1"]
[WhiteElo "2045"]
[BlackElo "2050"]
[PlyCount "120"]
[EventDate "2017.09.03"]

1. d4 Nf6 2. Nf3 e6 3. Bg5 h6 4. Bh4 Be7 5. c4 Ne4 6. Bxe7 Qxe7 7. Nbd2 Nxd2 8.
Qxd2 d6 9. e4 e5 10. dxe5 dxe5 11. Be2 O-O 12. O-O Bg4 13. Rfd1 Bxf3 14. Bxf3
Nc6 15. Qd7 Rfe8 16. b4 a5 17. bxa5 Rxa5 18. Rab1 Ra7 19. Rb2 Nd4 20. Qxe7 Rxe7
21. Rdb1 b6 22. Bd1 Ra5 23. Bb3 Re8 24. Rd1 Kf8 25. g3 Ke7 26. f4 f6 27. fxe5
fxe5 28. Rf2 Rf8 29. Rxf8 Kxf8 30. Kf2 Ke7 31. Ke3 Ra8 32. Rf1 Rf8 33. Rxf8
Kxf8 34. Bd1 Ke7 35. Kd3 Kd6 36. Kc3 Kc5 37. a4 Nc6 38. Be2 Na5 39. h4 Nb7 40.
h5 Nd6 41. Bd3 Ne8 42. Be2 Nf6 43. Bf3 Ne8 44. Be2 Nd6 45. Bd3 Nf7 46. Be2 Nd6
47. Bd3 c6 48. g4 Nf7 49. Bf1 Ng5 50. Bd3 Nh3 51. Be2 Nf2 52. Bf3 Kd6 53. Kd2
Kc5 54. Kc3 Nh3 55. Be2 Ng5 56. Bd3 Nf7 57. Be2 Nd6 58. Bd3 Ne8 59. Be2 Nc7 60.
Bd3 Ne6 {95mov.} 0-1